Cosmografía

Obra que reúne los principales escritos de divulgación científica del pensador suramericano Andrés Bello. Los principales son los de Cosmografía, entendida como la descripción del universo, es decir, sobre las propiedades de la tierra, la luna, la esfera celeste, las estrellas, el sol, etc. El otro...

ver descrição completa

Na minha lista:
Detalhes bibliográficos
Autor principal: Bello, Andrés
Formato: Livro
Idioma:Undetermined
Publicado em: Caracas, Venezuela Ministerio de Educación 1957
Assuntos:
Tags: Adicionar Tag
Sem tags, seja o primeiro a adicionar uma tag!

MARC

LEADER 00000nam a2200000Ia 4500
008 170316s9999 xx 000 0 und d
040 |a cru BVZT 
090 |a 100 B-25c 
100 |a Bello, Andrés  |9 1157 
245 |a Cosmografía  |c / Andrés Bello 
260 |a Caracas, Venezuela  |b Ministerio de Educación  |c 1957 
300 |a 737 páginas Tomo 20 
520 |a Obra que reúne los principales escritos de divulgación científica del pensador suramericano Andrés Bello. Los principales son los de Cosmografía, entendida como la descripción del universo, es decir, sobre las propiedades de la tierra, la luna, la esfera celeste, las estrellas, el sol, etc. El otro bloque de escritos se enmarcan dentro de la descripción de la Naturaleza Americana, animales, plantas, geografía, clima, etc. Asimismo, figura otra sección de Escritos varios, donde describe una diversidad de asuntos de índole científica: teoría de las proporciones definidas, el origen de algunas enfermedades, medicinas. 
650 |a FILOSOFÍA  |9 5 
999 |c 15679  |d 15679 
942 |c SALA  |h 100 B-25c  |2 z